Đánh giá thực trạng ô nhiễm phèn ở tầng đất mặt và đề xuất mô hình canh tác phù hợp tại xã Mỹ Hòa, huyện Tháp Mười, tỉnh Đồng Tháp : Luận văn tốt nghiệp Cao học. Chuyên ngành Quản lý tài nguyên môi trường
Mục tiêu chung của nghiên cứu là đánh giá thực trạng ô nhiễm phèn ở tầng đất mặt và đề xuất mô hình canh tác phù hợp nhằm nâng cao đời sống kinh tế cho người dân tại xã Mỹ Hòa, huyện Tháp Mười, tỉnh Đồng Tháp...
Wedi'i Gadw mewn:
| Prif Awdur: | |
|---|---|
| Fformat: | Llyfr |
| Iaith: | Undetermined |
| Cyhoeddwyd: |
Cần Thơ
Trường Đại học Cần Thơ
2016
|
| Pynciau: | |
| Tagiau: |
Ychwanegu Tag
Dim Tagiau, Byddwch y cyntaf i dagio'r cofnod hwn!
|
| Thư viện lưu trữ: | Trung tâm Học liệu Trường Đại học Cần Thơ |
|---|
| LEADER | 01308nam a2200217Ia 4500 | ||
|---|---|---|---|
| 001 | CTU_217031 | ||
| 008 | 210402s9999 xx 000 0 und d | ||
| 082 | |a 363.7396 | ||
| 082 | |b Đ455 | ||
| 088 | |a 60850101 | ||
| 100 | |a Nguyễn, Hà Đông | ||
| 245 | 0 | |a Đánh giá thực trạng ô nhiễm phèn ở tầng đất mặt và đề xuất mô hình canh tác phù hợp tại xã Mỹ Hòa, huyện Tháp Mười, tỉnh Đồng Tháp : | |
| 245 | 0 | |b Luận văn tốt nghiệp Cao học. Chuyên ngành Quản lý tài nguyên môi trường | |
| 245 | 0 | |c Nguyễn Hà Đông ; Văn Phạm Đăng Trí (Người hướng dẫn) | |
| 260 | |a Cần Thơ | ||
| 260 | |b Trường Đại học Cần Thơ | ||
| 260 | |c 2016 | ||
| 520 | |a Mục tiêu chung của nghiên cứu là đánh giá thực trạng ô nhiễm phèn ở tầng đất mặt và đề xuất mô hình canh tác phù hợp nhằm nâng cao đời sống kinh tế cho người dân tại xã Mỹ Hòa, huyện Tháp Mười, tỉnh Đồng Tháp | ||
| 650 | |a Ô nhiễm đất,Soil pollution | ||
| 904 | |i Hiền,Hải | ||
| 980 | |a Trung tâm Học liệu Trường Đại học Cần Thơ | ||